000 00748nam a22002177a 4500
005 20251108172751.0
008 250721s1992 xx 000 0 ara d
082 1 4 _aم/304.60956511/نوب
100 1 _aالنوباني، محمد يوسف سعيد
_eمؤلف
245 1 0 _aالتركيب الداخلي لمدينة وادي السير :
_bدراسة في السكان والمسكن /
264 1 _aعمان :
_c1992.
300 _a250ص.
500 _a/رسائل ماجستير
650 1 7 _aالديموغرافيا
650 1 7 _aتاريخ الأردن
650 1 7 _aالعوامل الجغرافية
650 1 7 _aالأبحاث الديموغرافية
650 1 7 _aالجغرافيا
942 _2ddc
_cREF
999 _c88001
_d88001